El problema del conocimiento en la filosofía y en la ciencia modernas

Sparad:
Bibliografiska uppgifter
Huvudupphovsman: Cassirer, Ernst (Författare, medförfattare)
Materialtyp: Bok
Språk:spanska
Publicerad: Ciudad de México Fondo de Cultura Económica 1948
Serie:Das Erkenntnisproblem in der Philosophie und Wissenschaft der neueren Zeit
Ämnen:
Taggar: Lägg till en tagg
Inga taggar, Lägg till första taggen!

MARC

LEADER 00000nam a2200000 a 4500
001 UCZ2761
003 CL-VaPUC
008 951006e19480000MX |||||||||||||||||spa|d
082 0 4 |a 121  |b CAS  |2 21 
100 0 |a Cassirer, Ernst  |e author  |9 391 
245 1 3 |a El problema del conocimiento en la filosofía y en la ciencia modernas 
300 |a v 
942 |c BK 
945 |d 19951006 00:00:00  |a lriquelm 
260 |a Ciudad de México  |b Fondo de Cultura Económica  |c 1948 
650 0 |a Idealismo  |9 265685 
650 0 |a Filosofía de la naturaleza  |9 265899 
650 0 |a Teoría del conocimiento   |9 255038 
583 |a last modification  |c 19951006 00:00:00  |k Rodrigo Vera 
490 0 |a Das Erkenntnisproblem in der Philosophie und Wissenschaft der neueren Zeit 
999 |c 239316  |d 239314 
952 |0 0  |1 0  |4 0  |6 121_000000000000000_CAS_1948  |7 0  |8 P  |9 250374  |a BIBEDU  |b BIBEDU  |c BIBEDU_PB  |d 2019-11-18  |i 1581651  |o 121 CAS 1948  |p 1581651  |r 2024-01-25  |w 2019-11-18  |y BK  |k FIL